| 000 | 00675nam a2200217Ia 4500 | ||
|---|---|---|---|
| 003 | GCL | ||
| 008 | 140319s9999 xx 000 0 ara d | ||
| 040 |
_aGCL / _cGCL |
||
| 082 | 0 | 4 |
_a808.068 _bح ا |
| 100 | 1 | _aحسن شحاته | |
| 245 | 1 | 0 |
_aادب الطفل العربى : _bدراسات وبحوث / _cحسن شحاته |
| 260 |
_aالقاهرة : _bالدار المصرية اللبنانية ، _c1994 |
||
| 300 |
_a389 ؛ _c25 سم |
||
| 650 | 0 | 4 | _aالادب العربى |
| 650 | 0 | 4 | _aالاطفال |
| 650 | 0 | 4 | _aقصص الاطفال |
| 650 | 0 | 4 | _aالبحوث |
| 650 | 0 | 4 | _aادب الاطفال |
| 650 | 0 | 4 | _aشعر الاطفال |
| 942 |
_2ddc _cBK |
||
| 999 |
_c30039 _d30039 |
||